Australian schools and the law : principal, teacher and student /

Bibliographic Details
Main Author: Knott, Andrew Edward, 1947-
Other Authors: Tronc, Keith Ernest, Middleton, J. L. (John Lindsay), 1942-
Format: Book
Language:English
Published: St. Lucia, Qld. : University of Queensland Press ; 1980.
Edition:2nd ed.
Series:Educational administration and organization.
Subjects:

MARC

Tag First Indicator Second Indicator Subfields
LEADER 00000cam a2200000 a 4500
001 in00000079899
005 20151008055236.0
008 820105c19801977at b 00110 eng
010 |a  81113305  
015 |a Aus*** 
020 |a 070221549X (pbk.) 
035 |a (OCoLC)08169191 
035 |9 AAJ2929AM 
040 |a DLC  |c DLC  |d TXA  |d UtOrBLW 
043 |a u-at--- 
049 |a TXAM  |c [1654784] 
082 0 |a 344.94/07  |a 349.4047  |2 19 
090 |a KU1610  |b .K56 1980 
099 |a KTA  |a K56  |a 1980 
100 1 |a Knott, Andrew Edward,  |d 1947- 
245 1 0 |a Australian schools and the law :  |b principal, teacher and student /  |c A.E. Knott, K.E. Tronc, J.L. Middleton. 
250 |a 2nd ed. 
264 1 |a St. Lucia, Qld. :  |b University of Queensland Press ;  |c 1980. 
264 2 |a Hemel Hempstead, Eng. :  |b Distributed by Prentice-Hall International, 
264 4 |c ©1977 
300 |a xvi, 181 pages ;  |c 22 cm. 
336 |a text  |b txt  |2 rdacontent 
337 |a unmediated  |b n  |2 rdamedia 
338 |a volume  |b nc  |2 rdacarrier 
490 1 |a Educational administration and organisation,  |x 0156-658X 
500 |a Includes index. 
504 |a Bibliography: pages [174]-175. 
650 0 |a Educational law and legislation  |z Australia. 
700 1 |a Tronc, Keith Ernest. 
700 1 |a Middleton, J. L.  |q (John Lindsay),  |d 1942- 
830 0 |a Educational administration and organization. 
999 |a MARS 
999 f f |s 4b3bfecc-1202-388c-9296-4447600941b5  |i a964ba36-df45-39cd-81b4-d150b9213cef  |t 0 
952 f f |p ric  |a Texas A&M University  |b Rellis Campus  |c Joint Library Facility  |d Remote Storage  |t 0  |e KU1610 .K56 1980  |h Library of Congress classification  |i unmediated -- volume  |m A14806074664 
998 f f |a KU1610 .K56 1980  |t 0  |l Remote Storage